000 00690nam a2200289Ia 4500
005 20260324134640.0
008 008 260324s9999 xx 000 0 eng d
020 _a9781315186849
037 _aEBOOK
040 _aCRL
040 _beng
040 _cCRL
041 _2eng
041 _aeng
084 _qCRL
100 _aDaniel Felsenstein; Michael Taylor
_91197626
245 0 _aPromoting Local Growth
245 0 _bProcess, Practice and Policy
260 _bTaylor and Francis
260 _c2001
365 _a
365 _b205
856 _uhttp://www.taylorfrancis.com/books/9781315186849
942 _cEBOOK
999 _c1797914
_d1797914